000 00259nam a2200109Ia 4500
008 190216s9999||||xx |||||||||||||| ||und||
100 _aKapoor N D
245 0 _aElements Of Mercantile Law
260 _bSulthan Chand&Sons
_c1978
300 _a2345p
942 _cBK
999 _c5057
_d5057